Statistics for Anything and Everything - W

Click here to take the quiz!

General Stats

  • This quiz has been taken 15 times
  • The average score is 16 of 25

Answer Stats

DescriptionAnswer% Correct
The capital of PolandWarsaw
100%
The human body is made up of up to 60% of this liquidWater
100%
A famous battle that happened in 1815 in modern day Belgium where Napoleon was defeatedWaterloo
100%
A huge aquatic animal with species such as: Sperm, Blue and HumpbackWhale
100%
A chinese cooking utensil which is round, stir-frying, steaming and deep frying are some of the many techniquesWok
100%
A huge American superstore with it’s headquarters in Bentonville, ArkansasWalmart
92%
A large mammal with flippers, native to the north poleWalrus
92%
The english for blanco (spanish)White
92%
A seed grown around the world, which is in foods such as bread, pastries, doughnuts and piesWheat
85%
The season of the year in uk that lasts from December to FebruaryWinter
85%
The start of a website it says WWW what does this stand forWorld wide web
85%
A structure that converts wind power into rotational energy, mostly associated with The NetherlandsWindmill
77%
A animation/family film realised in 2008 where a little robot is responsible for cleaning a waste covered earthWall-E
69%
The brother of Orville Wright who were the first people to make a working flying aircraftWilbur
69%
A large fluffy canine, native to Eurasia and north America, closely resembling a huskyWolf
62%
A short legged, muscular quadrupedal marsupials that are native to AustraliaWombat
62%
The capital of NamibiaWindhoek
54%
The French speaking southern part of belgium, known for it’s medieval townsWallonia
46%
A crime/drama from 1987 staring Michael Douglas and Charlie SheenWall street
38%
The name of the international cricket team where the players come from the caribbean islands mostlyWest indies
38%
The act of speaking at length in a vague or trivial manner usually nonsensicalWaffling
15%
A top 10 single in 16 countries by Harry Styles on his ‘Fine Line’ albumWatermelon sugar
15%
A english from born in 1985 in Croxteth who spent most of his career at Manchester unitedWayne Rooney
15%
The english football team nicknamed The HornetsWatford
8%
The name of the actor who stars as Michael Scofield in the series Prison BreakWentworth Miller
8%

Score Distribution

Percentile by Number Answered

Percent of People with Each Score

Your Score History

You have not taken this quiz